Komunikace v Česku podle kaizen & mendomi
Interná komunikácia v podniku Toyota Peugeot Citroën Automobile v stredočeskom Kolíne. Kaizen - neustále zlepšovanie a rešpekt k ľuďom. Krúžok kvality - práca v tíme. Starostlivosť o zamestnancov podľa mendomi. Spozoring pre zamestnancov. Budovanie dobrého vzťahu v kolínskom regióne.
Enregistré dans:
| Auteur principal: | |
|---|---|
| Format: | Chapitre de livre |
| Langue: | tchèque |
| Sujets: | |
| Tags: |
Pas de tags, Soyez le premier à ajouter un tag!
|
MARC
| LEADER | 00000naa$a2200000$$$4500 | ||
|---|---|---|---|
| 001 | 0106439 | ||
| 005 | 20231018131427.1 | ||
| 041 | 0 | |a cze | |
| 044 | |a CZ | ||
| 245 | 1 | 0 | |a Komunikace v Česku podle kaizen & mendomi |c Aleš Hudský |
| 520 | |a Interná komunikácia v podniku Toyota Peugeot Citroën Automobile v stredočeskom Kolíne. Kaizen - neustále zlepšovanie a rešpekt k ľuďom. Krúžok kvality - práca v tíme. Starostlivosť o zamestnancov podľa mendomi. Spozoring pre zamestnancov. Budovanie dobrého vzťahu v kolínskom regióne. | ||
| 610 | 2 | 0 | |a komunikácia firemná |
| 610 | 2 | 0 | |a komunikácia interná |
| 610 | 2 | 0 | |a manažment |
| 610 | 2 | 0 | |a manažéri |
| 610 | 2 | 0 | |a pracovníci |
| 610 | 2 | 0 | |a zamestnanci |
| 610 | 2 | 0 | |a motivácia |
| 610 | 2 | 0 | |a mzdy |
| 610 | 2 | 0 | |a odmeňovanie |
| 610 | 2 | 0 | |a firmy |
| 610 | 2 | 0 | |a priemysel automobilový |
| 610 | 2 | 0 | |a Česko |
| 100 | 1 | |a Hudský, Aleš | |